Documento firmado por Don Antonio López de Santa Anna (Record no. 4620)

MARC details
000 -CABECERA
campo de control de longitud fija 01547nam a2200325 a 4500
001 - NÚMERO DE CONTROL
campo de control BRCA_4926
005 - FECHA Y HORA DE LA ÚLTIMA TRANSACCIÓN
campo de control 20190320204848.0
008 - DATOS DE LONGITUD FIJA--INFORMACIÓN GENERAL
campo de control de longitud fija 211010s1822----mx-#######---#000-0#spa-#
041 ## - CÓDIGO DE LENGUA
Código de lengua del texto/banda sonora o título independiente spa
044 ## - CÓDIGO DEL PAÍS DE LA ENTIDAD EDITORA/PRODUCTORA
Código MARC del país mx
084 ## - OTRO NÚMERO DE CLASIFICACIÓN
Número de clasificación DOC22
Número de documento/Ítem .L67
-- 1822
100 1# - ENTRADA PRINCIPAL--NOMBRE DE PERSONA
Nombre de persona López de Santa Anna, Antonio
Fechas asociadas al nombre 1794-1876
9 (RLIN) 12497
245 10 - MENCIÓN DE TÍTULO
Título Documento firmado por Don Antonio López de Santa Anna
Mención de responsabilidad, etc. Antonio López de Santa Anna.
260 ## - PUBLICACIÓN, DISTRIBUCIÓN, ETC.
Lugar de publicación, distribución, etc. México
Fecha de publicación, distribución, etc. 1822
300 ## - DESCRIPCIÓN FÍSICA
Extensión [3] fojas
Dimensiones 31 x 21 cm.
500 ## - NOTA GENERAL
Nota general Documento firmado el 3 de diciembre de 1822.
500 ## - NOTA GENERAL
Nota general Documento que contiene un manifiesto autógrafo de Don Antonio López de Santa Anna dirigido a la Nación Mexicana, entregado en el Cuartel General de Veracruz, proclamando a la República en contra de el Imperio de Don Agustín de Iturbide.
500 ## - NOTA GENERAL
Nota general El documento contiene la leyenda DOC. #31.
500 ## - NOTA GENERAL
Nota general Papel con marca de agua.
500 ## - NOTA GENERAL
Nota general Estado de conservación: Contiene dobleces en los margenes, mancha de acidez en la segunda foja y anotaciones con tinta roja.
506 0# - NOTA DE RESTRICCIONES AL ACCESO
Limitaciones de acceso Fondo Reservado. Para su consulta es necesario credencial de usuario y carta de motivos.
546 ## - NOTA DE LENGUA/LENGUAJE
Nota de lengua/lenguaje Texto en: español de principios del siglo XIX.
600 14 - PUNTO DE ACCESO ADICIONAL DE MATERIA--NOMBRE DE PERSONA
Nombre de persona López de Santa Anna, Antonio
Fechas asociadas al nombre 1794-1876
Subdivisión general Historia
9 (RLIN) 12498
650 14 - PUNTO DE ACCESO ADICIONAL DE MATERIA--TÉRMINO DE MATERIA
Término de materia o nombre geográfico como elemento de entrada Golpes de estado
Subdivisión geográfica México
9 (RLIN) 12499
651 #4 - PUNTO DE ACCESO ADICIONAL DE MATERIA--NOMBRE GEOGRÁFICO
Nombre geográfico México
Subdivisión general Historia
Subdivisión cronológica Primeros gobiernos independientes, 1821-1824
9 (RLIN) 12500
653 0# - TÉRMINO DE INDIZACIÓN--NO CONTROLADO
Término no controlado Primer Imperio Mexicano.
700 1# - PUNTO DE ACCESO ADICIONAL--NOMBRE DE PERSONA
Nombre de persona Iturbide, Agustín de
Fechas asociadas al nombre 1783-1824
9 (RLIN) 12501
902 ## - CATALOGADOR
Iniciales FDH
942 ## - ELEMENTOS DE PUNTO DE ACCESO ADICIONAL (KOHA)
Fuente del sistema de clasificación o colocación Library of Congress Classification
Tipo de ítem Koha Documentos
Holdings
Estado de retiro Estado de pérdida Estado dañado No para préstamo Localización permanente Ubicación/localización actual Fecha de adquisición Total de préstamos Signatura topográfica completa Código de barras Fecha visto por última vez Precio válido a partir de Tipo de ítem Koha
El ejemplar forma parte de la colección y puede ser consultado según las políticas vigentes.       Biblioteca del Museo Franz Mayer (Rogerio Casas-Alatriste) Biblioteca del Museo Franz Mayer (Rogerio Casas-Alatriste) 21/10/2010   DOC22 .L67 1822 4987 22/03/2019 22/03/2019 Documentos